[Event "Asker CC-ch Class A"]
[Site "Asker"]
[Date "2017.04.03"]
[Round "8"]
[White "Moe, Cato"]
[Black "Erlendson, Audun"]
[Result "1/2-1/2"]
[WhiteElo "1399"]
[BlackElo "1490"]
[PlyCount "75"]
[EventDate "2017.01.09"]
[EventType "swiss"]
[EventRounds "9"]
[EventCountry "NOR"]
[SourceTitle "EXT 2024"]
[Source "ChessBase"]
[SourceDate "2023.10.10"]
[SourceVersion "1"]
[SourceVersionDate "2023.10.10"]
[SourceQuality "1"]

1. e4 c5 2. Nf3 d6 3. d4 cxd4 4. Nxd4 Nf6 5. Nc3 a6 6. Be2 e5 7. Nb3 Be7 8. Be3 Be6 9. Nd5 Nxd5 10. exd5 Bf5 11. Bg4 Bg6 12. Qd2 0-0 13. c4 f5 14. Bh3 f4 15. Bd4 exd4 16. Nxd4 Bf7 17. Qc3 Bf6 18. 0-0 Bxd4 19. Qxd4 Nd7 20. Rfe1 Ne5 21. Kh1 Bg6 22. c5 Nd3 23. Re2 Nxc5 24. Rd1 f3 25. Be6+ Nxe6 26. Rxe6 fxg2+ 27. Kg1 Bf5 28. Re3 Qf6 29. Qd2 Rac8 30. Rc3 Rxc3 31. bxc3 Bd3 32. Qe3 Be4 33. Rd4 Re8 34. Rxe4 Re5 35. Rxe5 Qxe5 36. Qxe5 dxe5 37. Kxg2 Kf8 38. Kf3 1/2-1/2

[Event "Asker Aautumn-B"]
[Site "Asker"]
[Date "2013.10.21"]
[Round "5"]
[White "Erlendson, Audun"]
[Black "Halvorsen, Terje"]
[Result "1-0"]
[WhiteElo "1241"]
[BlackElo "883"]
[PlyCount "53"]
[EventDate "2013.09.16"]
[EventType "swiss"]
[EventRounds "9"]
[EventCountry "NOR"]
[SourceTitle "EXT 2024"]
[Source "ChessBase"]
[SourceDate "2023.10.10"]
[SourceVersion "1"]
[SourceVersionDate "2023.10.10"]
[SourceQuality "1"]

1. e4 d6 2. d4 Nf6 3. Nc3 g6 4. f4 Bg7 5. Nf3 c5 6. d5 0-0 7. Be2 e6 8. 0-0 a6 9. a4 Qc7 10. Kh1 Rd8 11. Be3 b6 12. Qd2 Ng4 13. Bg1 Bb7 14. Rad1 Qe7 15. h3 Nf6 16. dxe6 Nxe4 17. exf7+ Qxf7 18. Nxe4 Bxe4 19. Ng5 Qb7 20. Nxe4 d5 21. c4 d4 22. Bf3 Nc6 23. Ng5 Rd6 24. Bd5+ Rxd5 25. cxd5 Ne7 26. Qe2 Bh8 27. Qe6+ 1-0

[Event "Asker Autumn-B"]
[Site "Asker"]
[Date "2012.09.10"]
[Round "3"]
[White "Erlendson, Audun"]
[Black "Yggeseth, Oistein"]
[Result "1/2-1/2"]
[WhiteElo "1185"]
[BlackElo "1188"]
[PlyCount "115"]
[EventDate "2012.08.27"]
[EventType "swiss"]
[EventCountry "NOR"]
[SourceTitle "EXT 2024"]
[Source "ChessBase"]
[SourceDate "2023.10.10"]
[SourceVersion "1"]
[SourceVersionDate "2023.10.10"]
[SourceQuality "1"]

1. e4 c5 2. Nf3 d6 3. Bb5+ Bd7 4. Bxd7+ Qxd7 5. 0-0 e5 6. c3 Nf6 7. d3 Be7 8. Nbd2 b5 9. Re1 0-0 10. Nf1 Qb7 11. Ng3 Nc6 12. Nf5 a5 13. Bg5 Ne8 14. Bxe7 Nxe7 15. Ng5 Nxf5 16. exf5 h6 17. Ne4 Qe7 18. d4 Nf6 19. Nxf6+ Qxf6 20. dxc5 dxc5 21. Qe2 Rfe8 22. Qxb5 Rab8 23. Qxc5 Rxb2 24. g4 Qh4 25. Re4 f6 26. Rd1 Reb8 27. Kg2 R8b5 28. Qe3 Rxa2 29. Qg3 Qxg3+ 30. hxg3 Rbb2 31. Rf1 Rc2 32. Rc4 Kh7 33. Rc7 e4 34. g5 h5 35. gxf6 e3 36. f7 Rxf2+ 37. Rxf2 Rxf2+ 38. Kg1 Rxf5 39. Re7 Kg6 40. Rxe3 Kxf7 41. Kg2 g5 42. c4 Rc5 43. Ra3 Rf5 44. Re3 g4 45. Kg1 Kf6 46. Kg2 Re5 47. Rc3 Rc5 48. Kf2 Ke5 49. Ke3 a4 50. Kd3 Kd6 51. Kd4 Kc6 52. Ra3 Ra5 53. c5 Kb5 54. Ra1 Ra6 55. Kd5 a3 56. Rb1+ Ka4 57. Kc4 a2 58. Rb4+ 1/2-1/2